00909nam a2200217 a 450000100100000000500170001000800410002704000250006808200160009310000340010924501590014326000600030230000210036249000320038350000430041570000480045883000390050604900090054595201200055499900170067400002285420200930021834.0101119s1973 mx r 000 0 spa d aDO-SdBNPbspacBNPHU axxxxbF911f1 aFriedrich Sauer, Ernst94696610ade Eckhart a Heidegger :bpresentación, crítica y juicio sobre sus filosofías /cErnst Friedrich Sauer ; traducción María Martínez Peñaloza. aMéxico, D. F. :bFondo de Cultura Económica,c1973. a307 p. ;c17 cm.1 aFilósofos alemanes ;v231 aIncluye notas al pie de las páginas.1 aMartínez Peñaloza, María,etr.946967 0aFilósofos alemanes ;n231946968 aBNGR 001054708MOaGRbGRcCTd2010-11-19iLF1l0oxxxx F911fp22854-10r2020-06-25w2020-06-25y4ZPréstamo en sala c22351d22351